Štúdium oderuvzdornosti výtlačkov laserových tlačiarní počas starnutia bakalárska práca

Na minha lista:
Detalhes bibliográficos
Autor principal: Paluš, Jakub
Formato: Livro
Idioma:eslovaco
Publicado em: Bratislava STU FCHPT 2016
Acesso em linha:View in OPAC
Tags: Adicionar Tag
Sem tags, seja o primeiro a adicionar uma tag!

MARC

LEADER 00000nam a2200000 a 4500
005 20260127134043.0
008 161019 2016 000 0 slo d
035 |a vtls011587392 
039 9 |y 201610191307  |z mschk03 
040 |a STUSCHK1  |b slo  |c STUSCHK1  |e AACR2 
100 1 |a Paluš, Jakub 
245 1 |a Štúdium oderuvzdornosti výtlačkov laserových tlačiarní počas starnutia  |b bakalárska práca  |c Jakub Paluš 
260 |a Bratislava  |b STU FCHPT  |c 2016 
300 |a 41 s.  |b il.  |c 25 cm 
500 |a Študijný program: chémia, medicínska chémia a chemické materiály 
500 |a Študijný odbor: chémia, chemické technológie 
500 |a Školiace pracovisko: Odd. polygrafie a aplikovanej fotochémie 
500 |a Evid. číslo: FCHPT-13569-61178 
910 |a SCHK95 
999 |c 2997  |d 2997